Formacao de semente genetica de cultivares de soja [Melhoramento genetico; Glycine max] (Registro n. 308189)
[ somente texto ]
| 000 -LÍDER | |
|---|---|
| campo de controle de tamanho fixo | 01212naa a22003137a 4500 |
| 001 - NÚMERO DE CONTROLE | |
| campo de controle | BR7703295 |
| 003 - IDENTIFICADOR DO NÚMERO DE CONTROLE | |
| campo de controle | BR-BrBNA |
| 005 - DATA E HORÁRIO DA ÚLTIMA TRANSAÇÃO | |
| campo de controle | 20240918174006.0 |
| 007 - CAMPO FIXO DE DESCRIÇÃO FÍSICA--INFORMAÇÃO GERAL | |
| campo de controle de tamanho fixo | ta |
| 008 - CAMPO DE DADOS FIXOS--INFORMAÇÃO GERAL | |
| campo de controle de tamanho fixo | 230509b bl.||||| |||| 00| 0 por d |
| 040 ## - FONTE DA CATALOGAÇÃO | |
| Instituição da catalogação original | BR-BrBNA |
| Idioma da catalogação | por |
| Instituição que transcreveu o registro | Biblioteca Nacional de Agricultura |
| 041 ## - CÓDIGO DE IDIOMA | |
| Código do idioma do texto/trilha sonora ou título diferente | (Pt) |
| 072 ## - CÓDIGO DE CATEGORIA DE ASSUNTO | |
| Código de Categoria de Assunto | F30 |
| Código do objeto | 0336 |
| -- | 3575 |
| 090 ## - NÚMERO DE CHAMADA LOCAL | |
| Número de chamada | F30 BR7703295 |
| 100 1# - ENTRADA PRINCIPAL--NOME PESSOAL | |
| Nome pessoal | Dall'Agnol, A. |
| 100 1# - ENTRADA PRINCIPAL--NOME PESSOAL | |
| Nome pessoal | Velloso, J.A.R. de O. |
| 100 1# - ENTRADA PRINCIPAL--NOME PESSOAL | |
| Nome pessoal | Correa, C.F. |
| 111 1# - ENTRADA PRINCIPAL--NOME DO EVENTO | |
| Nome do evento ou lugar | 4. Reuniao Conjunta de Pesquisa de Soja |
| Local do evento | Santa Maria, RS (Brazil) |
| Data do evento ou assinatura do tratado | 23 Aug 1976 |
| 245 1# - TÍTULO | |
| Título | Formacao de semente genetica de cultivares de soja [Melhoramento genetico; Glycine max] |
| 260 3# - PUBLICAÇÃO, DISTRIBUIÇÃO, ETC. | |
| Local de publicação, distribuição, etc. | Passo Fundo, RS (Brasil): |
| Data da publicação, distribuição, etc. | 1976. |
| 500 ## - NOTA GERAL | |
| Nota geral | Resultados de pesquisa em soja obtidos no Centro Nacional de Pesquisa de Trigo em 1975/76<br/>Passo Fundo, RS (Brasil): 1976. v. 1 p. 4-5<br/>(BR7703295-AM)F30<br/> |
| 650 ## - ASSUNTO--TERMO TÓPICO | |
| Cabeçalho tópico ou nome geográfico | Melhoramento genetico vegetal |
| 650 ## - ASSUNTO--TERMO TÓPICO | |
| Cabeçalho tópico ou nome geográfico | Soja |
| 650 ## - ASSUNTO--TERMO TÓPICO | |
| Cabeçalho tópico ou nome geográfico | Semente |
| 650 ## - ASSUNTO--TERMO TÓPICO | |
| Cabeçalho tópico ou nome geográfico | Linhagem |
| 773 0# - ENTRADA ANALÍTICA | |
| Título | Resultados de pesquisa em soja obtidos no Centro Nacional de Pesquisa de Trigo em 1975/76 |
| Número de controle do registro | F30 BR7703295 |
| Partes relacionadas | Passo Fundo, RS (Brasil), 1976. v. 1 p. 4-5 |
| 909 ## - | |
| -- | 202404 |
| -- | Lucia |
| -- | 55 |
| -- | Lucia Elande |
| 942 ## - ELEMENTOS DE ENTRADA ADICIONADOS (KOHA) | |
| Tipo de material Koha | Capítulo-Livro |
| Fonte da classificação ou esquema de arquivamento na estante | Classificação AGRIS |
| Situação do descarte | Fonte da classificação ou esquema de arquivamento na estante | Situação física | Não pode ser emprestado | Coleção | Biblioteca de origem | Biblioteca atual | Localização na estante | Total de empréstimos | Número de telefone completo | Data de último acesso | Número do exemplar | Tipo de material Koha | Situação das perdas | Data de aquisição | Fonte de aquisição |
|---|---|---|---|---|---|---|---|---|---|---|---|---|---|---|---|
| Classificação AGRIS | Biblioteca Nacional de Agricultura - Binagri | Biblioteca Nacional de Agricultura - Binagri | Agrobase - Acervo Geral | 0336 BR9405065 | 20/05/2024 | 01 | Capítulo-Livro | 2024-04-11 | Portaria Interministerial nº 164/94 |

BINAGRI